Caracterización hidrológica de la cuenca del río Sauce Grande en primera fase /

Guardado en:
Autor Principal: Paoloni, Juan Darío.
Otros Autores: Tjuchneider, O. C., Luque, Jorge Alfredo.
Formato: Libro
Idioma:Spanish
Publicado: 1972.
Series:Revista de Investigaciones Agropecuarias. Serie 3, Clima y suelo ; v.IX, nº4, p. 127-146
Etiquetas: Agregar Etiqueta
Sin Etiquetas, Sea el primero en etiquetar este registro!
LEADER 00614nam a22001575a 4500
001 EEA.libagro000741
008 130809s1972####xx############000#0#spa#d
005 20191105114209.0
245 1 0 |a Caracterización hidrológica de la cuenca del río Sauce Grande en primera fase /  |c J.D. Paoloni, O.C. Tjuchneider, J.A. Luque. 
260 |c 1972. 
490 1 |a Revista de Investigaciones Agropecuarias. Serie 3, Clima y suelo ;  |v v.IX, nº4, p. 127-146 
100 1 |a Paoloni, Juan Darío. 
700 1 |a Tjuchneider, O. C. 
700 1 |a Luque, Jorge Alfredo. 
082 0 4 |a 551.48 
859 |a AR-BbBCA  |b BIB. AGRONOMIA  |h S551.48  |i P212-1  |p 1974/0134